En Soria las aldeas se mueren (Record no. 181019)

MARC details
000 -LEADER
campo de control de longitud fija 01066nam a2200277 i 4500
001 - NÚMERO DE CONTROL
campo de control 181019
003 - IDENTIFICADOR DE NÚMERO DE CONTROL
campo de control ES-MaACL
005 - FECHA Y HORA DE LA ÚLTIMA TRANSACCIÓN
campo de control 20231004110902.0
008 - DATOS DE LONGITUD FIJA--INFORMACIÓN GENERAL
campo de control de longitud fija 121002s2009 sp ao |||| | spa d
020 ## - NÚMERO INTERNACIONAL ESTÁNDAR DEL LIBRO
Número Internacional Estándar del Libro 84-96695-38-7
080 ## - NÚMERO DE LA CLASIFICACIÓN DECIMAL UNIVERSAL
Número de la Clasificación Decimal Universal 908(460.186 Ventosa de Fuentepinilla)
100 1# - ENTRADA PRINCIPAL--NOMBRE DE PERSONA
Nombre de persona Vallejo de Miguel, Alfredo.
9 (RLIN) 151525
245 10 - MENCIÓN DEL TÍTULO
Título En Soria las aldeas se mueren
Resto del título : La Ventosa de Fuentepinilla /
Mención de responsabilidad, etc. Alfredo Vallejo de Miguel.
260 ## - PUBLICACIÓN, DISTRIBUCIÓN, ETC.
Lugar de publicación, distribución, etc. Soria :
Nombre del editor, distribuidor, etc. Diputación Provincial de Soria,
Fecha de publicación, distribución, etc. [2009]
300 ## - DESCRIPCIÓN FÍSICA
Extensión 223 p. :
Otras características físicas il. col. y n., fot. ;
Dimensiones 25 cm.
490 1# - MENCIÓN DE SERIE
Mención de serie Paisajes, lugares y gentes ;
Designación de volumen o secuencia 6
651 #7 - PUNTO DE ACCESO ADICIONAL DE MATERIA--NOMBRE GEOGRÁFICO
Nombre geográfico Soria (Provicia)-
Subdivisión general Descripción.
9 (RLIN) 9408
710 1# - ENTRADA AGREGADA--NOMBRE DE ENTIDAD CORPORATIVA
Nombre de entidad corporativa o nombre de jurisdicción como elemento de entrada Soria (Provincia).
Unidad subordinada Diputación Provincial.
9 (RLIN) 6880
740 3# - ENTRADA AGREGADA--TÍTULO RELACIONADO/ANALÍTICO NO CONTROLADO
Título relacionado o analítico no controlado La Ventosa de Fuentepinilla.
830 0# - PUNTO DE ACCESO ADICIONAL DE SERIE-TÍTULO UNIFORME
Título uniforme Paisajes, lugares y gentes ;
Designación de volumen o secuencia 6
9 (RLIN) 191398
852 ## - LOCALIZACIÓN
Ubicación ES-MaACL
Número de control de estantería A-12236
itemnumber 187900
Sublocalización o colección R.147106
Ubicación en estantería Depósito 1
Signatura antigua Olim: N-5241
Encuadernación Donación: R.A.E
914 ## - NOMBRE ENTIDAD DE DONANTE
RLIN 6336
Nombre de congreso/reunión o jurisdicción como elemento de entrada Real Academia Española
Unidad subordinada Donante
942 ## - ELEMENTOS DE ENTRADA SECUNDARIOS (KOHA)
Fuente del sistema de clasificación o colocación Clasificación decimal universal
Tipo de ítem Koha Libro impreso
Holdings
Estatus retirado Estado de pérdida Fuente del sistema de clasificación o colocación Estado de daño No para préstamo Biblioteca de origen Biblioteca actual Ubicación en estantería Fecha de adquisición Fuente de adquisición Total de préstamos Signatura topográfica completa Código de barras Visto por última vez Precio de reemplazo Tipo de ítem Koha
    Clasificación decimal universal     Biblioteca del Ateneo de Madrid Biblioteca del Ateneo de Madrid Depósito 1 02/10/2012 Donación   A-12236 1190227 23/02/2023 23/02/2023 Libro impreso